Statistics for Name The Country But With An Old Flag

Click here to take the quiz!

General Stats

  • This quiz has been taken 41 times
  • The average score is 11 of 16

Answer Stats

Answer% Correct
China
100%
Japan
100%
Russia
88%
Colombia
85%
France
85%
Italy
85%
Mexico
85%
Netherlands
82%
Germany
73%
Libya
70%
Ethiopia
67%
Mongolia
55%
Syria
45%
Greece
24%
Morroco
15%
Bulgaria
12%

Score Distribution

Percentile by Number Answered

Percent of People with Each Score

Your Score History

You have not taken this quiz